LEADER 01065nam a2200301 i 4500 001 991002733339707536 005 20020508205106.0 008 981210s1986 it ||| | ita 020 $a8840000496 035 $ab11052478-39ule_inst 035 $aPARLA167971$9ExL 040 $aDip.to Filosofia$bita 082 0 $a193 082 0 $a909.04924082 100 1 $aArendt, Hannah$038902 245 10$aEbraismo e modernità /$cHannah Arendt 260 $aMilano :$bUNICOPLI,$c1986 300 $a227 p. ;$c17 cm. 490 0 $aIncroci ;$v8 500 $aTrad. di Giovanna Bettini 650 4$aEbrei$xStoria$ySec. 20. 907 $a.b11052478$b23-02-17$c28-06-02 912 $a991002733339707536 945 $aLE005 193 ARE01. 02. c. 2$g2$i2005000029431$lle005$o-$pE0.00$q-$rl$s- $t0$u3$v0$w3$x0$y.i11177214$z28-06-02 945 $aLE005 193 ARE01. 02. c. 1$g1$i2005000029448$lle005$o-$pE0.00$q-$rl$s- $t0$u4$v8$w4$x0$y.i11177226$z28-06-02 996 $aEbraismo e modernità$968396 997 $aUNISALENTO 998 $ale005$b01-01-98$cm$da $e-$fita$git $h0$i2 LEADER 00763nam a2200229 i 4500 001 991004382133907536 005 20250517143845.0 008 250515s1981 it er 001 1 ita d 040 $aBibl. Dip.le Aggr. Studi Umanistici - Sez. Filosofia$bita$cSocioculturale Scs 041 1 $aita$hfre 082 04$a843.8$223 100 1 $aFlaubert, Gustave$0142392 245 10$aNovembre /$cGustave Flaubert ; prefazione di Giovanni Raboni ; a cura di Maurizio Cucchi 260 $aRoma :$bEditori riuniti,$c1981 300 $a94 p. ;$c20 cm 490 1 $aUniversale. Letteratura ;$v32 700 1 $aCucchi, Maurizio 700 1 $aRaboni, Giovanni 830 0$aUniversale.$pLetteratura ;$v32 912 $a991004382133907536 996 $aNovembre$9517614 997 $aUNISALENTO